000 00292nam a2200109Ia 4500
008 220204s9999 xx 000 0 und d
082 _a535.243
_bPOT.1
100 _aPotts, W J
245 0 _aChemical infrared spectroscopy. V 1. Techniques
260 _aNew York
_bJohn Wiley
_c1963
942 _cBK
999 _c24455
_d24455